000 02161cam a2200481 i 4500
999 _c7457
_d7457
001 19892763
003 GBCCL
005 20241126110628.0
008 160915r20172016ii b 100 0 eng d
010 _a 2017325773
020 _a9788184655377 (paperback)
020 _a8184655371
025 _aI-E-2017325773 ; 13-90 ; 69-90
035 _a(OCoLC)ocn976004322
035 _a(OCoLC)976004322
037 _bLibrary of Congress -- New Delhi Overseas Office
040 _aDKAGE
_beng
_erda
_cDKAGE
_dOCLCO
_dOCLCF
_dOCLCA
_dDLC
042 _alccopycat
_alcode
043 _aa-ii---
050 0 0 _aBV3265.3
_b.R484 2014
082 0 4 _a266.00954
_223
_bRET
111 2 _aRe-thinking Development: A Theological Consultation on Mission and Development (Seminar)
_d(2014 :
_cFarīdābād, India),
_jauthor.
_913181
245 1 0 _aRethinking development :
_bchallenges for mission /
_cedited by Abraham Mathew, Sajeev Thomas.
264 1 _aDelhi :
_bThe Indian Society for Promoting Christian Knowledge ;
_aFaridabad, Haryana :
_bDharma Jyoti Vidya Peeth,
_c2017.
264 4 _c©2016
300 _axxii, 215 pages ;
_c24 cm
336 _atext
_btxt
_2rdacontent
337 _aunmediated
_bn
_2rdamedia
338 _avolume
_bnc
_2rdacarrier
500 _aReprint. Originally published: 2016.
500 _aPapers presented at a national seminar on "Re-thinking Development: A Theological Consultation on Mission and Development" from 14-15 March 2014 at Farīdābād, India, organised by Dharma Jyoti Vidya Peeth.
504 _aIncludes bibliographical references.
650 0 _aMissions
_zIndia
_vCongresses.
_92227
650 0 _aChurch and social problems
_zIndia
_vCongresses.
_92139
650 0 _aCommunity development
_xReligious aspects
_xChristianity
_vCongresses.
_913182
700 1 _aMathew, Abraham
_c(Ordained minister),
_eeditor.
_913183
700 1 _aThomas, Sajeev,
_eeditor.
_913184
710 2 _aI.S.P.C.K. (Organization),
_epublisher.
_9393
710 2 _aDharma Jyoti Vidya Peeth (College),
_eorganizer,
_epublisher.
_913185
906 _a7
_bcbc
_ccopycat
_d3
_encip
_f20
_gy-gencatlg
942 _2ddc
_cBK
_04